Notre Dame Fighting Irish Football Trivia - Statistics

General Stats
  • This quiz has been taken 474 times
  • The average score is 10 of 15
Answer Stats
Hint Answer % Correct
Team colors of Notre Dame Gold
99%
Team colors of Notre Dame Blue
95%
City where the University of Notre Dame is located South Bend
95%
The school mascot is this type of creature Leprechaun
91%
Quarterback from 1974–1978 who went on to win four Super Bowls Joe Montana
84%
Nickname of the "Word of Life" mural visible from the stadium {Touchdown} Jesus
80%
Head coach since 2021 Marcus Freeman
76%
School which Notre Dame competes against annually for the Jeweled Shillelagh USC
76%
Linebacker who was #2 in Heisman voting in 2012 but was the victim of "catfishing" Manti Te'o
66%
Coach who led the team to its most recent national title in 1988 Lou Holtz
61%
Coach from 1918–1930 who popularized the forward pass and was the subject of the film "_____ _____: All American" Knute Rockne
56%
Quarterback from 2003–2006 who is now a TV analyst on "Big Noon Kickoff" Brady Quinn
53%
Nickname of former star player Raghib Ismail {Rocket} Ismail
47%
Annual event where Notre Dame plays an off-site game at places such as Yankee Stadium or Lambeau Field {Shamrock} Series
42%
1956 Heisman winner known as the "Golden Boy" Paul Hornung
25%
No matching quizzes found
Score Distribution
Percent of People with Each Score
Percentile by Number Answered
Your Score History
You have not taken this quiz